[Event "Panchenko Memorial-A 2021"]
[Site "Chelyabinsk"]
[Date "2021.09.17"]
[Round "5.5"]
[White "Sargsyan, Shant"]
[Black "Salemgareev, Tagir"]
[Result "1/2-1/2"]
[WhiteElo "2642"]
[BlackElo "2463"]
[Annotator "TA"]
[PlyCount "90"]
[EventDate "2021.09.13"]
[EventType "swiss"]
[EventCountry "RUS"]
[SourceTitle "playchess.com"]
[Source "ChessBase"]
[SourceQuality "1"]

{[%evp 17,90,33,22,21,28,32,39,0,34,19,70,66,74,74,83,83,79,66,83,83,83,83,83,83,83,83,83,51,135,135,143,143,151,113,107,70,83,26,18,18,141,165,158,148,97,100,97,99,186,186,182,71,150,158,132,94,83,0,0,0,0,0,0,0,0,0,0,0,0,0,0,0,0,0,0]} 1. e4 c5 2. Nf3 d6 3. d4 cxd4 4. Nxd4 Nf6 5. Nc3 a6 6. Be3 e5 7. Nb3 Be6 8. f3 h5 9. Qd2 Nbd7 10. Nd5 $1 {The main line 10.Nd5 scores better than 10.0-0-0. B90: Sicilian Najdorf: Unusual White 6th moves, 6 Be3 Ng4 and 6 Be3 e5.} Bxd5 11. exd5 g6 12. O-O-O {White is slightly better.} Bg7 13. Kb1 O-O ({Black should try} 13... b5 $11) 14. h3 $14 Qc7 15. g4 {[#]} a5 $146 {With the idea ...a4.} ({Predecessor:} 15... Rfe8 16. g5 Nh7 17. Qf2 b6 18. Nd2 Nc5 19. Ne4 Nf8 20. Bxc5 bxc5 21. Bc4 Nd7 {½-½ (32) Brkic,A (2579)-Volokitin,A (2677) Austria 2017}) 16. g5 Ne8 17. a4 Nb6 18. Bb5 ({Worse is} 18. Nxa5 Nxa4 19. Nb3 e4 $17) 18... Nc4 19. Qe2 Nxe3 20. Qxe3 Qd8 21. Nd2 Nc7 22. c4 e4 (22... Rc8 $14) 23. Nxe4 $16 Nxb5 24. axb5 Re8 25. Rhe1 Qd7 26. Qf4 (26. h4 {keeps more tension.} Qf5 27. Ka2 Rad8 28. Rc1 a4 29. Rc2) 26... Qxh3 27. Nf6+ (27. Qxd6 $16 Qxf3 28. Nf6+ Bxf6 29. Qxf6) 27... Bxf6 $11 28. gxf6 ({Of course not} 28. Qxf6 Qh4 $15) 28... Qd7 (28... Rxe1 $11 {remains equal.} 29. Rxe1 Rc8) 29. Re4 $16 {[#] Qh6 would kill now.} Kh7 30. Rh1 Qf5 31. Qxf5 gxf5 {[%mdl 4096] Endgame KRR-KRR} 32. Re7 Kg6 (32... Rac8 $16) 33. Rxb7 $18 Rac8 34. Rc1 (34. Re7 $18 {and the rest is easy.}) 34... h4 ({Better is} 34... Kxf6 35. Rb6 Ke5) 35. Rd7 $16 h3 {Threatening ...h2.} 36. Rxd6 Re2 {[#]} 37. b6 (37. Rc6 $1 $16 {[%cal Rc6c8]} Rce8 38. Ka2) 37... h2 $11 {The position is equal.} 38. Rh1 {Threatens to win with b7.} Rxc4 {aiming for ...Rb4.} 39. Rc6 $1 {[%cal Rc6c4]} Rb4 40. Rc2 Rxc2 41. Kxc2 Kxf6 42. Rxh2 Ke5 43. Rh6 Kxd5 44. b3 Ke5 45. Rc6 Kd5 {Black escapes into a draw.  Weighted Error Value: White=0.14/Black=0.19} 1/2-1/2

[Event "Panchenko Memorial-A 2021"]
[Site "Chelyabinsk"]
[Date "2021.09.17"]
[Round "5.6"]
[White "Petrosyan, Manuel"]
[Black "Nesterov, Arseniy"]
[Result "1/2-1/2"]
[WhiteElo "2611"]
[BlackElo "2483"]
[Annotator "TA"]
[PlyCount "200"]
[EventDate "2021.09.13"]
[EventType "swiss"]
[EventCountry "RUS"]
[SourceTitle "playchess.com"]
[Source "ChessBase"]
[SourceQuality "1"]

{[%evp 10,200,20,16,29,-22,6,-13,29,15,33,28,34,22,31,26,32,33,40,32,29,23,18,19,33,16,16,0,13,0,14,0,16,16,23,20,20,24,19,17,14,8,23,16,20,0,0,0,0,0,0,0,0,0,0,0,0,0,0,0,0,0,0,0,0,0,0,0,0,0,0,0,0,0,0,0,0,0,5,5,5,5,9,0,0,0,0,0,0,0,0,0,0,0,0,0,0,0,0,0,0,0,0,0,0,0,0,0,0,0,0,0,0,0,0,0,0,0,0,0,0,0,0,0,0,0,0,0,0,0,0,0,0,0,0,0,0,0,0,0,0,0,0,0,0,0,0,0,0,0,0,0,0,0,0,0,0,0,0,0,0,0,0,0,0,0,0,0,0,0,0,0,0,0,0,0,0,0,0,0,0,0,0,0,0,0,0,0,0,0,0,0,0]} 1. e4 e5 2. Nf3 Nc6 3. Bc4 Bc5 4. d3 Nf6 5. Bg5 h6 6. Bh4 Be7 {C50: Hungarian Defence and Giuoco Pianissimo.} 7. O-O ({White should play} 7. a4) 7... d6 8. a3 O-O 9. Bg3 Be6 {next ...Bxc4 is good for Black.} 10. Bxe6 fxe6 {[#]} 11. c3 $146 ({Predecessor:} 11. Nbd2 Qe8 12. c3 Nh5 13. b4 Bf6 14. b5 Ne7 15. a4 Ng6 16. d4 Qf7 17. Nc4 exd4 18. cxd4 {1-0 (58) Martirosyan,H (2617)-Davtyan,A (2461) Jermuk 2020}) 11... Nh5 12. Nbd2 Nxg3 13. hxg3 Bf6 14. b4 Qd7 15. Nc4 b5 16. Ne3 a5 17. Qb3 Kh8 18. Ra2 Ra7 19. Rfa1 Rfa8 (19... Rb8 {is interesting.} 20. Qc2 Kg8 21. Re1 Qe8 22. Rea1 Qd7) 20. Kh2 (20. a4 {is more complex.} bxa4 21. Rxa4 axb4 22. Rxa7 Rxa7 23. Rxa7 Nxa7 24. Qxb4 Qb5 25. Qa3) 20... axb4 21. axb4 Rxa2 22. Rxa2 Rxa2 23. Qxa2 Kh7 24. Nc2 Ne7 25. Na3 c6 26. Nc2 Nc8 {The position is equal.} 27. Qa6 d5 28. Ne3 dxe4 29. dxe4 Nd6 30. Qa2 Qf7 31. Qa8 Qd7 32. Nd2 Bg5 33. Nef1 Nc4 34. Nxc4 bxc4 35. Kg1 Qd3 36. Qxc6 {Strongly threatening b5.} Qxc3 37. b5 Qb3 38. b6 c3 {[#] And now ...c2 would win.} 39. b7 c2 40. b8=Q Qxb8 41. Qxc2 Qb6 42. Nh2 Be7 43. Nf3 Bd6 44. g4 Qc7 45. Qd2 Be7 46. g3 Qc4 47. Qe3 Bf6 48. Kg2 Qc2 49. Ng1 (49. Ne1 {is interesting.} Qd1 50. Nf3 Qc2) 49... Bg5 50. Qe2 Qxe2 51. Nxe2 $11 {[%mdl 4096] Endgame KB-KN} Kg6 52. Ng1 Be7 53. Nf3 Kf6 54. Kf1 Bc5 55. Ke2 Bb6 56. Ne1 Kg5 57. Nf3+ Kf6 58. Ng1 Kg5 59. Kf3 (59. Nf3+ {keeps more tension.}) 59... Bd4 (59... g6 {feels hotter.} 60. Nh3+ Kf6 61. Ng1 Bd4 62. Kg2 Kg5) 60. Nh3+ Kf6 61. Kg2 Bb6 62. Ng1 Kg5 63. Nf3+ Kf6 64. Nd2 Kg5 65. Nc4 Bd4 66. f3 Kf6 67. Kf1 Bc5 68. Ke2 Bd4 69. Na5 Bb6 70. Nc6 Bc7 (70... Bd4 $5) 71. Kf2 Bb6+ 72. Kg2 Bc7 73. Kh3 Kg5 74. Na7 Ba5 75. Nb5 Bb6 76. Nd6 Bc5 77. Nc4 Bd4 (77... Kf6 {is interesting.} 78. Kh2 Bf2 79. Kg2 Bd4) 78. Kg2 Kf6 79. Kf1 Bc5 80. Nb2 Bd4 81. Nd3 Bb6 82. Ke2 Bd4 83. Ne1 Bb6 84. Nd3 Bd4 85. Kf1 Bb6 86. Kg2 Bd4 87. Kh3 Kg5 88. Kh2 Kf6 89. Kg2 Kg6 90. Ne1 Bb6 91. Kh3 Kg5 92. Nd3 Bd4 93. f4+ exf4 94. gxf4+ Kf6 95. Kh4 g6 96. g5+ (96. e5+ {keeps more tension.} Ke7 97. Kg3 Kf7 98. Kf3 h5 99. gxh5 gxh5 100. Ke4) 96... hxg5+ 97. fxg5+ Kf7 98. Kg4 Be3 99. Ne5+ Kg7 100. Nf3 Kf7 {Weighted Error Value: White=0.04/Black=0.04} 1/2-1/2

[Event "Panchenko Memorial-A 2021"]
[Site "Chelyabinsk"]
[Date "2021.09.17"]
[Round "5.7"]
[White "Makarian, Rudik"]
[Black "Tiviakov, Sergei"]
[Result "1-0"]
[WhiteElo "2474"]
[BlackElo "2604"]
[Annotator "TA"]
[PlyCount "51"]
[EventDate "2021.09.13"]
[EventType "swiss"]
[EventCountry "RUS"]
[SourceTitle "playchess.com"]
[Source "ChessBase"]
[SourceQuality "1"]

{[%evp 14,51,15,4,32,0,4,-2,54,67,113,94,152,92,147,90,89,85,72,74,165,120,140,147,212,167,145,155,308,308,306,306,283,304,287,297,289,278,316,285]} 1. d4 Nf6 2. c4 e6 3. g3 d5 4. Bg2 Be7 5. Nf3 O-O 6. O-O c6 7. Nc3 b6 8. Ne5 a5 {[#] E06: Closed Catalan: Early deviations.} 9. e4 $146 ({Predecessor:} 9. b3 Ba6 10. cxd5 cxd5 11. Bb2 Nfd7 12. Nf3 Nc6 13. Qd2 Rc8 14. Rfc1 Rc7 15. a3 Qb8 16. e3 {1-0 (29) Berdichevski,I (2415)-Jouhki,Y (2225) Kuopio 1992}) 9... dxc4 10. d5 b5 (10... Nfd7 $11 11. Nxd7 (11. Nxc4 Ba6 $15) (11. Nxc6 Nxc6 12. dxc6 Ne5 $11) 11... Nxd7) 11. dxc6 $14 Qb6 12. a4 Rd8 (12... b4 $142 13. Nb5 (13. Nxc4 Qa6 $16) 13... Nxc6 14. Nxc4 Qb8) 13. Qc2 (13. Qe2 $142 Nxc6 14. Be3 $1 (14. Nxc6 Qxc6 15. axb5 Qc7 $16)) 13... b4 {[#]} (13... Nxc6 $142 14. Be3 Nd4) 14. Nb5 ({Much worse is} 14. Nxc4 $6 Qxc6 15. e5 Qxc4 $11) (14. Be3 $142 $1 Bc5 15. Nxc4 Qxc6 16. e5 $1) 14... Nxc6 $16 {[#]} 15. Be3 $1 Qb7 16. Nxc4 Ra6 (16... e5 $16) 17. Rac1 e5 {[#]} 18. Nb6 $1 {[%mdl 512]} Ng4 (18... Bd7 $16) 19. Nxc8 Rxc8 20. Bh3 Na7 $2 (20... h5 $16 21. Qe2 Raa8 22. Bxg4 hxg4 23. Qxg4 Rd8) 21. Qe2 {White has a decisive advantage.} Rxc1 22. Rxc1 ({Not} 22. Bxc1 h5 $16) 22... Nxe3 {[#]} 23. Rc7 $1 {[%cal Rc7b7]} ({Stronger than} 23. Qxe3 Rc6 $11) 23... Qxe4 {And now ...Qb1+ would win.} 24. Qxe3 Qxe3 25. fxe3 Nc6 26. Bg2 {Weighted Error Value: White=0.18/Black=0.49} 1-0

[Event "Panchenko Memorial-A 2021"]
[Site "Chelyabinsk"]
[Date "2021.09.17"]
[Round "5.8"]
[White "Grebnev, Aleksey"]
[Black "Kokarev, Dmitry"]
[Result "1/2-1/2"]
[WhiteElo "2473"]
[BlackElo "2584"]
[Annotator "TA"]
[PlyCount "62"]
[EventDate "2021.09.13"]
[EventType "swiss"]
[EventCountry "RUS"]
[SourceTitle "playchess.com"]
[Source "ChessBase"]
[SourceQuality "1"]

{[%evp 9,62,14,4,19,17,11,13,11,11,14,6,5,11,0,0,0,0,0,10,0,0,0,0,0,0,-1,0,0,0,0,0,0,0,-1,0,0,0,-16,-6,-13,-12,-15,-11,-11,-11,-12,-14,-19,0,0,0,-8,-8,-16,-10]} 1. d4 Nf6 2. Bf4 c5 3. e3 Qb6 4. Na3 cxd4 5. exd4 Nd5 {The position is equal.} 6. Bc1 {A45: Trompowsky Attack.} e6 7. Nc4 Qc7 8. Ne3 Nxe3 9. Bxe3 b6 10. Nf3 Bb7 11. Be2 Nc6 {[%cal Bb8c6,Bc6e7,Be7g6][%mdl 32]} 12. O-O {[#]} Ne7 $146 ({Predecessor:} 12... Bd6 13. c4 O-O 14. Rc1 Qd8 15. Qd2 Re8 16. Rfd1 Ne7 17. Bf4 Bxf4 18. Qxf4 Rc8 19. Bd3 Ng6 20. Bxg6 {½-½ (20) Bender,K (2096)-Milde,L (2036) GER email 2017}) 13. Re1 Ng6 14. c3 Bd6 15. h3 O-O 16. a4 a6 17. Bd3 Nf4 18. Bxf4 Bxf4 19. Qe2 g6 20. Be4 Bxe4 21. Qxe4 d5 22. Qe2 Rfc8 23. Red1 Qc4 24. Qxc4 Rxc4 25. Ne1 Bd6 26. Nd3 g5 27. Re1 Kg7 28. Kf1 Rac8 29. Ke2 h5 30. Kd2 h4 31. Ne5 R4c7 {An uneventful encounter.  Weighted Error Value: White=0.02/Black=0.01} 1/2-1/2

[Event "Panchenko Memorial-A 2021"]
[Site "Chelyabinsk"]
[Date "2021.09.17"]
[Round "5.9"]
[White "Petrov, Nikita"]
[Black "Samusenko, Maksim"]
[Result "1-0"]
[WhiteElo "2555"]
[BlackElo "2460"]
[Annotator "TA"]
[PlyCount "103"]
[EventDate "2021.09.13"]
[EventType "swiss"]
[EventCountry "RUS"]
[SourceTitle "playchess.com"]
[Source "ChessBase"]
[SourceQuality "1"]

{[%evp 10,103,62,51,56,43,51,47,47,36,68,65,66,70,91,83,89,89,93,95,87,107,98,85,87,112,83,81,99,60,72,39,87,44,0,0,89,37,26,21,81,81,79,80,77,62,75,25,80,51,112,120,120,79,74,74,66,0,77,66,151,147,137,138,170,175,183,129,198,200,190,185,257,247,338,306,296,295,373,372,373,379,374,370,394,329,346,347,381,396,397,380,380,354,381,383]} 1. d4 Nf6 2. c4 d6 3. Nc3 e5 4. Nf3 Nbd7 5. e4 Be7 6. h3 c6 {A55: Old Indian Defence with Nf3 and e4.} 7. Be3 O-O 8. Qc2 a6 {[#] White is slightly better.} 9. Rd1 $146 ({Predecessor:} 9. a4 a5 10. g4 exd4 11. Nxd4 d5 12. cxd5 cxd5 13. exd5 Nb6 14. d6 Qxd6 15. O-O-O {½-½ (61) Dimakiling,O (2447)-Nguyen,T (2265) Ho Chi Minh City 2012}) 9... Qe8 10. Bd3 b5 11. a3 Rb8 12. O-O exd4 13. Bxd4 c5 14. Be3 {[%cal Rc4b5]} bxc4 15. Bxc4 Nb6 16. Ba2 (16. Bd3 {looks sharper.} Qc6 17. Rfe1 Bb7 18. Bf4 Rbd8 19. Nd2) 16... Be6 17. Bxe6 fxe6 18. Ng5 e5 19. Qe2 Qg6 20. Bc1 (20. Qxa6 $6 Nfd7 $11) 20... Kh8 21. Ne6 (21. Qxa6 $6 Nfd7 $11) 21... Rfc8 22. Ng5 (22. Qxa6 Ne8 $17) (22. f4 $11) 22... Rf8 $16 23. Nf3 (23. Qxa6 $6 Nfd7 $11) (23. f4 $1 $16) 23... Nh5 $14 24. Nh2 Nf4 (24... Bg5 $11) 25. Bxf4 $16 exf4 26. Nf3 a5 27. Rfe1 Qe6 28. a4 Rfd8 (28... Qb3 $11 {remains equal.}) 29. Qc2 Bf6 (29... h6 $14) 30. Nb5 Nc4 31. b3 Ne5 32. Nxe5 Bxe5 33. Qc4 (33. Rd3 $14) 33... Qf6 (33... Qxc4 $1 $11 34. bxc4 g5) 34. Rd3 g5 ({Black should try} 34... h6 $14) 35. Na7 $1 $36 {[%mdl 2048] White is in control.} Rb6 36. Qd5 Rg8 {[#]} 37. Nc6 $1 g4 38. Nxe5 (38. Nxa5 $2 gxh3 39. Rxh3 Qg7 $19) (38. hxg4 $18 Rxg4 39. Nxe5 (39. Nxa5 $2 f3 $19) 39... dxe5 40. Rc1 (40. Qxc5 Rg8 $16)) 38... dxe5 (38... Qxe5 $16 39. Qxe5+ dxe5) 39. hxg4 $18 (39. Qxc5 $6 Re6 $14) 39... Rxg4 {[#]} 40. Rc1 $1 {[%cal Rc1c5]} ({Much less strong is} 40. Qxc5 $6 Rg8 $16) 40... Rb8 (40... c4 {keeps fighting.}) 41. Rxc5 Rg5 42. Rc6 Qe7 {intending ...Rbg8.} 43. Qc5 ({Don't play} 43. Qxa5 $6 Rbg8 $16) 43... Qxc5 44. Rxc5 {[%mdl 4096] Endgame KRR-KRR} Rbg8 45. Kf1 Rxg2 46. Rxe5 Rh2 47. Rf5 Rc8 {Now ...Rc1+ and Black clings on.} 48. Rxf4 ({Not} 48. Rxa5 Rc1+ 49. Ke2 Rc2+ 50. Rd2 Rxd2+ 51. Kxd2 Rxf2+ 52. Kc3 Rf3+ 53. Kc4 Re3 $16) 48... Rh1+ 49. Kg2 {White is winning.} Rh5 50. Rd5 Rg8+ 51. Kf1 Rh3 52. Rb5 {Weighted Error Value: White=0.12/Black=0.22} 1-0

[Event "Panchenko Memorial-A 2021"]
[Site "Chelyabinsk"]
[Date "2021.09.17"]
[Round "5.10"]
[White "Shubin, Kirill"]
[Black "Sivuk, Vitaly"]
[Result "1/2-1/2"]
[WhiteElo "2467"]
[BlackElo "2552"]
[Annotator "TA"]
[PlyCount "37"]
[EventDate "2021.09.13"]
[EventType "swiss"]
[EventCountry "RUS"]
[SourceTitle "playchess.com"]
[Source "ChessBase"]
[SourceQuality "1"]

{[%evp 24,37,28,33,18,12,35,27,22,34,52,51,62,15,41,45]} 1. e4 c5 2. Nf3 Nc6 3. Bb5 e6 4. O-O Nge7 5. Re1 a6 6. Bf1 d5 7. exd5 Qxd5 8. c3 Qd8 9. d4 cxd4 10. cxd4 Nd5 11. Nc3 Be7 12. Bd3 O-O 13. a3 Bf6 {D42: Queen's Gambit Declined: Semi-Tarrasch: 5 cxd5 Nxd5 6 e3 Nc6 7 Bd3 .} 14. Bc2 {[#]} Qb6 $146 {[%cal Rc6d4]} ({Predecessor:} 14... g6 15. Bh6 Re8 16. Qd2 b5 17. Rad1 Bb7 18. Ne4 Bh8 19. h4 Ra7 20. h5 Nf6 21. Bg5 Nxe4 22. Bxe4 Qd7 23. d5 exd5 24. Bxd5 Ne5 25. Nxe5 Bxe5 26. Bxb7 Qxd2 27. Rxd2 Rxb7 28. Rde2 {1-0 (26) Ivanisevic,I (2608)-Suvorov,L (2279) Chess.com INT 2020}) 15. Qd3 {[%csl Gc2][%cal Rd3h7] [#]} g6 {[%cal Rc6d4]} 16. Bh6 Bg7 17. Bxg7 Kxg7 18. Na4 Qc7 19. Rac1 {Weighted Error Value: White=0.08/Black=0.09} 1/2-1/2

[Event "Panchenko Memorial-A 2021"]
[Site "Chelyabinsk"]
[Date "2021.09.18"]
[Round "6.1"]
[White "Salemgareev, Tagir"]
[Black "Timofeev, Artyom"]
[Result "1-0"]
[WhiteElo "2463"]
[BlackElo "2583"]
[Annotator "ChessBase"]
[PlyCount "103"]
[EventDate "2021.09.13"]
[EventType "swiss"]
[EventCountry "RUS"]
[SourceTitle "playchess.com"]
[Source "ChessBase"]
[SourceQuality "1"]
[TimeControl "5400+30"]

1. d4 {[%emt 0:13:35]} d5 {[%emt 0:00:11]} 2. c4 {[%emt 0:00:06]} e6 {[%emt 0:00:21]} 3. Nf3 {[%emt 0:00:22]} b6 {[%emt 0:06:09]} 4. Nc3 {[%emt 0:01:37]} Bb7 {[%emt 0:00:44]} 5. cxd5 {[%emt 0:04:40]} exd5 {[%emt 0:00:07]} 6. g3 {[%emt 0:00:04]} Nf6 {[%emt 0:13:20]} 7. Bg2 {[%emt 0:00:41]} Be7 {[%emt 0:00:12]} 8. O-O {[%emt 0:00:15]} O-O {[%emt 0:00:07]} 9. Ne5 {[%emt 0:05:21]} Na6 {[%emt 0:03:10]} 10. Bg5 {[%emt 0:11:46]} h6 {[%emt 0:02:30]} 11. Bxf6 {[%emt 0:04:07]} Bxf6 {[%emt 0:00:06]} 12. Ng4 {[%emt 0:00:37]} Be7 {[%emt 0:02:25]} 13. Qb3 {[%emt 0:07:53]} c6 {[%emt 0:01:25]} 14. Rad1 {[%emt 0:00:21]} Qd6 {[%emt 0:11:12]} 15. e4 {[%emt 0:06:41]} dxe4 {[%emt 0:00:40]} 16. Bxe4 {[%emt 0:00:08]} Rad8 {[%emt 0:08:55]} 17. Ne5 {[%emt 0:07:10]} Bf6 {[%emt 0:00:13]} 18. Rfe1 {[%emt 0:00:38]} Nb8 {[%emt 0:08:46]} 19. Nb5 {[%emt 0:12:27]} cxb5 {[%emt 0:01:41]} 20. Bxb7 {[%emt 0:00:05]} b4 {[%emt 0:00:20]} 21. Bf3 {[%emt 0:04:01]} a5 {[%emt 0:02:28]} 22. Qc4 {[%emt 0:13:48]} Qe6 {[%emt 0:11:19]} 23. Qxe6 {[%emt 0:01:25]} fxe6 {[%emt 0:00:06]} 24. Bg4 {[%emt 0:00:03]} Rd6 {[%emt 0:18:36]} 25. Ng6 {[%emt 0:01:42]} Rfd8 {[%emt 0:05:58]} 26. Bxe6+ {[%emt 0:01:39]} Rxe6 {[%emt 0:00:06]} 27. Rxe6 {[%emt 0:00:04]} Kf7 {[%emt 0:00:04]} 28. Nf4 {[%emt 0:00:53]} g5 {[%emt 0:00:06]} 29. Rxf6+ {[%emt 0:00:20]} Kxf6 {[%emt 0:00:05]} 30. Ng2 {[%emt 0:00:03]} Nc6 {[%emt 0:02:26]} 31. d5 {[%emt 0:00:03]} Ne5 {[%emt 0:00:32]} 32. Ne3 {[%emt 0:00:08]} b5 {[%emt 0:00:07]} 33. Kf1 {[%emt 0:00:58]} Nc4 {[%emt 0:00:45]} 34. b3 {[%emt 0:00:20]} Nd6 {[%emt 0:00:05]} 35. Ng4+ {[%emt 0:01:45]} Kg6 {[%emt 0:00:33]} 36. Re1 {[%emt 0:00:15]} Nf5 {[%emt 0:00:40]} 37. Re6+ {[%emt 0:00:33]} Kg7 {[%emt 0:00:06]} 38. Re5 {[%emt 0:00:20]} Kg6 {[%emt 0:00:24]} 39. Ne3 {[%emt 0:00:24]} Nd6 {[%emt 0:01:36]} 40. Re6+ {[%emt 0:00:10]} Kh7 {[%emt 0:00:18]} 41. Ke2 {[%emt 0:00:47]} h5 {[%emt 0:00:20]} 42. Kd3 {[%emt 0:00:12]} Nf7 {[%emt 0:00:26]} 43. Kd4 {[%emt 0:00:27]} a4 {[%emt 0:00:46]} 44. Kc5 {[%emt 0:00:15]} axb3 {[%emt 0:00:12]} 45. axb3 {[%emt 0:00:04]} Ra8 {[%emt 0:00:03]} 46. d6 {[%emt 0:00:37]} Nd8 {[%emt 0:00:35]} 47. Re7+ {[%emt 0:00:10]} Kg6 {[%emt 0:00:05]} 48. d7 {[%emt 0:00:50]} Ra6 {[%emt 0:01:17]} 49. Re8 {[%emt 0:00:43]} Nb7+ {[%emt 0:00:06]} 50. Kxb5 {[%emt 0:00:14]} Rd6 {[%emt 0:00:16]} 51. Nc4 {[%emt 0:00:28]} Rxd7 {[%emt 0:00:08]} 52. Kc6 {[%emt 0:00:30]} 1-0

[Event "Panchenko Memorial-A 2021"]
[Site "Chelyabinsk"]
[Date "2021.09.18"]
[Round "6.2"]
[White "Lintchevski, Daniil"]
[Black "Makarian, Rudik"]
[Result "1-0"]
[WhiteElo "2561"]
[BlackElo "2474"]
[Annotator "ChessBase"]
[PlyCount "111"]
[EventDate "2021.09.13"]
[EventType "swiss"]
[EventCountry "RUS"]
[SourceTitle "playchess.com"]
[Source "ChessBase"]
[SourceQuality "1"]
[TimeControl "5400+30"]

1. e4 {[%emt 0:00:36]} c5 {[%emt 0:00:02]} 2. Nf3 {[%emt 0:00:54]} d6 {[%emt 0:00:03]} 3. d4 {[%emt 0:00:17]} cxd4 {[%emt 0:00:21]} 4. Nxd4 {[%emt 0:00:14]} Nf6 {[%emt 0:00:02]} 5. Nc3 {[%emt 0:00:31]} a6 {[%emt 0:00:02]} 6. g3 {[%emt 0:00:23]} e6 {[%emt 0:00:36]} 7. Bg2 {[%emt 0:00:24]} Bd7 {[%emt 0:00:10]} 8. a4 {[%emt 0:05:06]} Nc6 {[%emt 0:00:25]} 9. Nxc6 {[%emt 0:00:49]} Bxc6 {[%emt 0:00:07]} 10. a5 {[%emt 0:01:46]} Be7 {[%emt 0:00:08]} 11. O-O {[%emt 0:00:58]} O-O {[%emt 0:00:18]} 12. Be3 {[%emt 0:01:22]} Qb8 {[%emt 0:18:31]} 13. Qe2 {[%emt 0:02:11]} Nd7 {[%emt 0:02:15]} 14. Nd5 {[%emt 0:08:03]} Bxd5 {[%emt 0:01:42]} 15. exd5 {[%emt 0:00:07]} e5 {[%emt 0:00:03]} 16. c4 {[%emt 0:01:13]} Bd8 {[%emt 0:06:59]} 17. b4 {[%emt 0:05:12]} b6 {[%emt 0:00:31]} 18. Rfc1 {[%emt 0:18:55]} bxa5 {[%emt 0:01:42]} 19. bxa5 {[%emt 0:03:35]} Ra7 {[%emt 0:05:38]} 20. Bxa7 {[%emt 0:02:00]} Qxa7 {[%emt 0:00:06]} 21. c5 {[%emt 0:00:03]} Nxc5 {[%emt 0:00:05]} 22. Qe3 {[%emt 0:00:21]} h6 {[%emt 0:05:49]} 23. h4 {[%emt 0:00:41]} f5 {[%emt 0:00:18]} 24. Rc4 {[%emt 0:03:37]} f4 {[%emt 0:01:17]} 25. gxf4 {[%emt 0:02:44]} Bxh4 {[%emt 0:00:15]} 26. Rf1 {[%emt 0:03:01]} Rxf4 {[%emt 0:01:17]} 27. Rxf4 {[%emt 0:00:05]} Bg5 {[%emt 0:00:02]} 28. Qh3 {[%emt 0:02:38]} Bxf4 {[%emt 0:00:30]} 29. Qc8+ {[%emt 0:00:12]} Kh7 {[%emt 0:00:18]} 30. Qf5+ {[%emt 0:05:34]} g6 {[%emt 0:05:08]} 31. Qf8 {[%emt 0:01:00]} Nd3 {[%emt 0:12:21]} 32. Qxd6 {[%emt 0:04:04]} e4 {[%emt 0:00:08]} 33. Qe6 {[%emt 0:04:27]} e3 {[%emt 0:00:53]} 34. Be4 {[%emt 0:03:35]} exf2+ {[%emt 0:02:11]} 35. Kg2 {[%emt 0:02:36]} Ne5 {[%emt 0:00:06]} 36. Rxf2 {[%emt 0:02:16]} Qe3 {[%emt 0:00:17]} 37. Bf3 {[%emt 0:03:01]} Bg5 {[%emt 0:05:59]} 38. d6 {[%emt 0:02:26]} Bh4 {[%emt 0:04:09]} 39. Rf1 {[%emt 0:00:03]} h5 {[%emt 0:12:01]} 40. d7 {[%emt 0:00:01]} Kh6 {[%emt 0:02:29]} 41. Qd6 {[%emt 0:02:14]} Qf4 {[%emt 0:03:17]} 42. Kh1 {[%emt 0:02:46]} Qg3 {[%emt 0:03:01]} 43. Bg2 {[%emt 0:02:12]} Bg5 {[%emt 0:00:05]} 44. Qd4 {[%emt 0:00:25]} Be7 {[%emt 0:05:46]} 45. d8=Q {[%emt 0:01:52]} Bxd8 {[%emt 0:00:03]} 46. Qxd8 {[%emt 0:00:07]} Ng4 {[%emt 0:00:08]} 47. Qd2+ {[%emt 0:01:22]} g5 {[%emt 0:00:19]} 48. Bf3 {[%emt 0:01:28]} Ne3 {[%emt 0:00:27]} 49. Rf2 {[%emt 0:00:05]} Qh3+ {[%emt 0:00:31]} 50. Kg1 {[%emt 0:00:02]} Qg3+ {[%emt 0:00:04]} 51. Bg2 {[%emt 0:00:51]} Ng4 {[%emt 0:00:02]} 52. Rf5 {[%emt 0:01:22]} Qh2+ {[%emt 0:00:09]} 53. Kf1 {[%emt 0:00:01]} Qh4 {[%emt 0:00:02]} 54. Qd6+ {[%emt 0:00:11]} Kg7 {[%emt 0:00:04]} 55. Qe7+ {[%emt 0:00:11]} Kg6 {[%emt 0:00:04]} 56. Qe6+ {[%emt 0:00:05]} 1-0

[Event "Panchenko Memorial-A 2021"]
[Site "Chelyabinsk"]
[Date "2021.09.18"]
[Round "6.3"]
[White "Aleksandrov, Aleksej"]
[Black "Petrov, Nikita"]
[Result "1/2-1/2"]
[WhiteElo "2525"]
[BlackElo "2555"]
[Annotator "TA"]
[PlyCount "39"]
[EventDate "2021.09.13"]
[EventType "swiss"]
[EventCountry "RUS"]
[SourceTitle "playchess.com"]
[Source "ChessBase"]
[SourceQuality "1"]

{[%evp 17,18,0,0]} 1. d4 d5 2. c4 c6 3. cxd5 cxd5 4. Nc3 Nf6 5. Bf4 Nc6 6. Nf3 Bf5 7. e3 e6 8. Bd3 Bxd3 9. Qxd3 Be7 {[#]} {Predecessor:} 10. O-O $146 {D14: Slav Defence: Exchange variation with ...Bf5.} O-O 11. Rac1 Rc8 12. a3 Nd7 13. e4 dxe4 14. Qxe4 Nf6 15. Qd3 Nd5 16. Bd2 Nxc3 17. Rxc3 Qd5 18. Rfc1 Rfd8 19. h3 h6 20. Be3 {0-1 (56) Steinbuerg,K (2534)-Belozerov,A (2657) Chess.com INT 2020} 1/2-1/2